[Event "FICGS W-ch st1 g11 email"]
[Site "FICGS email"]
[Date "2008.01.08"]
[Round "1"]
[White "Baha, Ioana Karina"]
[Black "Markus, Roland"]
[Result "0-1"]
[WhiteElo "1128"]
[BlackElo "2160"]
[PlyCount "34"]
[EventDate "2008.??.??"]
[EventType "tourn (corr)"]
[EventRounds "8"]
[SourceTitle "Corr 2022"]
[Source "ChessBase"]
[SourceDate "2021.10.24"]
[SourceVersion "1"]
[SourceVersionDate "2021.10.24"]
[SourceQuality "1"]

1. e4 c6 2. d4 d5 3. Nc3 dxe4 4. Nxe4 Bf5 5. Ng3 Bg6 6. h4 h6 7. Nf3 Nd7 8. h5 Bh7 9. Bd3 Bxd3 10. Qxd3 e6 11. Bf4 Qa5+ 12. Bd2 Qc7 13. 0-0-0 Ngf6 14. Ne4 0-0-0 15. g3 Nxe4 16. Qxe4 Bd6 17. a3 Qb6 0-1

[Event "FICGS W-ch st1 g11 email"]
[Site "FICGS email"]
[Date "2008.01.08"]
[Round "1"]
[White "Baha, Ioana Karina"]
[Black "Sharland, Michael"]
[Result "0-1"]
[WhiteElo "1128"]
[BlackElo "1863"]
[PlyCount "46"]
[EventDate "2008.??.??"]
[EventType "tourn (corr)"]
[EventRounds "8"]
[SourceTitle "Corr 2022"]
[Source "ChessBase"]
[SourceDate "2021.10.24"]
[SourceVersion "1"]
[SourceVersionDate "2021.10.24"]
[SourceQuality "1"]

1. e4 c5 2. Nf3 d6 3. d4 cxd4 4. Nxd4 Nf6 5. Nc3 a6 6. Be3 e6 7. f3 Be7 8. Qd2 0-0 9. 0-0-0 Nc6 10. g4 Nxd4 11. Bxd4 b5 12. g5 Nd7 13. h4 b4 14. Ne2 a5 15. Be3 Ne5 16. Nd4 Bb7 17. h5 b3 18. axb3 a4 19. b4 a3 20. b3 d5 21. h6 gxh6 22. gxh6 dxe4 23. fxe4 Bxe4 0-1

[Event "FICGS W-ch st1 g11 email"]
[Site "FICGS email"]
[Date "2008.01.08"]
[Round "1"]
[White "Downs, Ray"]
[Black "Baha, Ioana Karina"]
[Result "0-1"]
[WhiteElo "1713"]
[BlackElo "1128"]
[PlyCount "30"]
[EventDate "2008.??.??"]
[EventType "tourn (corr)"]
[EventRounds "8"]
[SourceTitle "Corr 2022"]
[Source "ChessBase"]
[SourceDate "2021.10.24"]
[SourceVersion "1"]
[SourceVersionDate "2021.10.24"]
[SourceQuality "1"]

1. e4 c5 2. Nf3 d6 3. Bb5+ Bd7 4. Bxd7+ Qxd7 5. 0-0 Nf6 6. Qe2 Nc6 7. Rd1 g6 8. c3 Bg7 9. d4 cxd4 10. cxd4 d5 11. e5 Ne4 12. Ne1 f6 13. f3 Ng5 14. Bxg5 fxg5 15. Qe3 g4 0-1

[Event "FICGS W-ch st1 g11 email"]
[Site "FICGS email"]
[Date "2008.01.08"]
[Round "1"]
[White "Perevozchikov, Vjacheslav"]
[Black "Baha, Ioana Karina"]
[Result "1-0"]
[WhiteElo "1823"]
[BlackElo "1128"]
[PlyCount "31"]
[EventDate "2008.??.??"]
[EventType "tourn (corr)"]
[EventRounds "8"]
[SourceTitle "Corr 2022"]
[Source "ChessBase"]
[SourceDate "2021.10.24"]
[SourceVersion "1"]
[SourceVersionDate "2021.10.24"]
[SourceQuality "1"]

1. e4 c5 2. c3 Nf6 3. e5 Nd5 4. d4 cxd4 5. cxd4 d6 6. Nf3 Nc6 7. Bc4 e6 8. 0-0 Be7 9. Qe2 0-0 10. Nc3 dxe5 11. dxe5 Nxc3 12. bxc3 Qa5 13. Rd1 Qxc3 14. Rb1 Rd8 15. Rxd8+ Bxd8 16. Qe4 1-0

[Event "FICGS rapid B 000034 email"]
[Site "FICGS email"]
[Date "2007.01.31"]
[Round "1"]
[White "Baha, Ioana Karina"]
[Black "Oberg, Lennart"]
[Result "0-1"]
[WhiteElo "1400"]
[BlackElo "1400"]
[PlyCount "22"]
[EventDate "2007.??.??"]
[EventType "tourn (rapid)"]
[EventRounds "6"]
[SourceTitle "Corr 2022"]
[Source "ChessBase"]
[SourceDate "2021.10.24"]
[SourceVersion "1"]
[SourceVersionDate "2021.10.24"]
[SourceQuality "1"]

1. e4 d6 2. d4 Nf6 3. Nc3 g6 4. Bg5 Bg7 5. Qd2 h6 6. Bh4 c6 7. f4 0-0 8. Nf3 d5 9. e5 Ne4 10. Qe3 Qa5 11. Bxe7 Re8 0-1

[Event "FICGS class E 000031 email"]
[Site "FICGS email"]
[Date "2007.01.28"]
[Round "1"]
[White "Baha, Ioana Karina"]
[Black "Goswami, Deepjyoti"]
[Result "0-1"]
[WhiteElo "1400"]
[BlackElo "1510"]
[PlyCount "20"]
[EventDate "2007.??.??"]
[EventType "tourn (corr)"]
[EventRounds "5"]
[SourceTitle "Corr 2022"]
[Source "ChessBase"]
[SourceDate "2021.10.24"]
[SourceVersion "1"]
[SourceVersionDate "2021.10.24"]
[SourceQuality "1"]

1. e4 c5 2. Nf3 Nc6 3. d4 cxd4 4. Nxd4 d6 5. Nc3 Nf6 6. Bg5 h6 7. Bxf6 exf6 8. Bb5 Bd7 9. 0-0 Be7 10. Nd5 0-0 0-1

[Event "IECG RN.2007.0.00024 email"]
[Site "IECG email"]
[Date "2007.01.15"]
[Round "?"]
[White "Baha, Ioana Karina"]
[Black "Yangibayev, N."]
[Result "0-1"]
[WhiteElo "800"]
[BlackElo "733"]
[PlyCount "30"]
[EventDate "2007.01.01"]
[EventType "tourn (corr)"]
[EventRounds "6"]
[SourceTitle "Corr 2022"]
[Source "ChessBase"]
[SourceDate "2021.10.24"]
[SourceVersion "1"]
[SourceVersionDate "2021.10.24"]
[SourceQuality "1"]

1. e4 c5 2. Nf3 d6 3. Bb5+ Bd7 4. Bxd7+ Nxd7 5. 0-0 Ngf6 6. Qe2 g6 7. c3 Bg7 8. d4 cxd4 9. cxd4 0-0 10. Nc3 a6 11. h3 Qb6 12. e5 dxe5 13. dxe5 Nh5 14. Be3 Qe6 15. g4 Rac8 0-1